[Event "BUL-ch"]
[Site "Sofia"]
[Date "1982.??.??"]
[Round "11"]
[White "Stefanov, Krasimir"]
[Black "Kirov, Nino"]
[Result "1-0"]
[WhiteElo "2300"]
[BlackElo "2440"]

1.e4 c5 2.Nf3 Nc6 3.d4 cxd4 4.Nxd4 e6 5.Nc3 a6 6.Be3 Nf6 7.a3 d6 8.Be2 Be7
9.g4 h6 10.Rg1 Bd7 11.Nb3 Rc8 12.h4 Nh7 13.Na4 O-O 14.Nb6 Rc7 15.Qd2 Ne5
16.g5 Bc6 17.f4 Ng6 18.f5 Nxh4 19.f6 Nxf6 20.gxf6 Bxf6 21.O-O-O Bxe4 22.c3 Nf5
23.Bf4 e5 24.Bxh6 d5 25.Na4 Nxh6 26.Qxh6 d4 27.Nac5 Bh7 28.Bd3 Bxd3 29.Rxd3 Re8
30.Ne4 Kf8 31.Qh3 Qc8 32.Qf3 dxc3 33.Nxf6 cxb2+ 34.Kb1 gxf6 35.Qxf6 Qe6 36.Qh8+ Ke7
37.Qh4+ Qf6 38.Qb4+  1-0

[Event "BUL-ch"]
[Site "Sofia"]
[Date "1982.??.??"]
[Round "11"]
[White "Radev, Nikolai"]
[Black "Toshkov, Tihomir"]
[Result "1/2-1/2"]
[WhiteElo "2345"]
[BlackElo "2370"]

1.e4 c5 2.Nf3 e6 3.d4 cxd4 4.Nxd4 Nc6 5.Nc3 d6 6.Be2 Nf6 7.O-O Be7 8.Be3 O-O
9.f4 a6 10.a4 Qc7 11.Qe1 Nxd4 12.Bxd4 e5 13.Be3 exf4 14.Bxf4 Be6 15.Qg3 g6
16.Rad1 Rfd8 17.Kh1 Qc5 18.Be3 Qa5 19.Qf2 Re8 20.Bd4 Nd7 21.Nd5 Bxd5 22.exd5 f5
23.Bg4 Rf8 24.Qe3 Bf6 25.Qe6+ Kh8 26.Qxd7 Bxd4 27.Rxd4 fxg4 28.Ra1 Qb6 29.Qxg4 Qxb2
30.Rb4 Qe5 31.h3 Rf2 32.Rxb7 Raf8 33.Rbb1 Rxc2 34.Rf1 Rxf1+ 35.Rxf1 Qxd5
36.Rd1 Qe5 37.Qb4 Re2 38.Qb8+ Kg7 39.Rf1 Qe7 40.Qb4 Re4 41.Qb2+ Re5 42.Qd4 a5
43.Rd1 h5 44.Qxd6 Qxd6 45.Rxd6 Re4 46.g3 Rxa4 47.Kg2 h4 48.gxh4 Rxh4 49.Kg3 Rh5
50.Ra6 Rb5 51.h4 Rb3+ 52.Kg4 Rb4+ 53.Kg5 Rb5+ 54.Kg4 Kh6 55.Ra8 Rb4+ 56.Kg3 Ra4
57.Rh8+ Kg7 58.Ra8 Kf6 59.Rf8+ Ke5 60.Re8+ Kf5 61.Rf8+ Ke6 62.Re8+ Kf7 63.Ra8 Ra1
64.Kf4 Kg7 65.Kg5 Rg1+ 66.Kf4 Rf1+ 67.Kg5 Rf5+ 68.Kg4 Rd5  1/2-1/2

[Event "Surakarta/Denpasar"]
[Site "Surakarta"]
[Date "1982.??.??"]
[Round "23"]
[White "Maninang, Rafaelito"]
[Black "Ardiansyah, Haji"]
[Result "1/2-1/2"]
[WhiteElo "2385"]
[BlackElo "2395"]

1.e4 c5 2.Nf3 Nc6 3.d4 cxd4 4.Nxd4 e6 5.Nc3 a6 6.f4 d6 7.Be3 Nf6 8.Qf3 Qc7
9.Bd3 Be7 10.O-O O-O 11.Kh1 Bd7 12.a4 Rac8 13.Nb3 Nb4 14.a5 e5 15.Bb6  1/2-1/2

[Event "Reti mem"]
[Site "Trnava"]
[Date "1982.??.??"]
[Round "5"]
[White "Dobrovolsky, Ladislav"]
[Black "Damljanovic, Branko"]
[Result "1-0"]
[WhiteElo "2395"]
[BlackElo "2405"]

1.e4 c5 2.Nf3 Nc6 3.Nc3 e6 4.d4 cxd4 5.Nxd4 a6 6.Nxc6 bxc6 7.Bd3 d5 8.O-O Nf6
9.Re1 Be7 10.e5 Nd7 11.Qg4 g6 12.Bh6 Rb8 13.Qh3 Bf8 14.Bxf8 Kxf8 15.Qh6+ Kg8
16.Rab1 Qf8 17.Qf4 Rb4 18.Qg3 h5 19.Qf3 c5 20.b3 h4 21.a3 Rd4 22.Qh3 Rh5
23.Ne2 Rxd3 24.cxd3 Nxe5 25.b4 cxb4 26.Rxb4 Qd8 27.Nd4 Bd7 28.Nc2 Bb5 29.Rd1 Nc6
30.Rg4 Ne5 31.Rf4 g5 32.Rb4 g4 33.Qe3 h3 34.gxh3 gxh3 35.Kh1 d4 36.Nxd4 Qd5+
37.f3 Ng6 38.Nxb5 axb5 39.Rg1 Kg7 40.Qd4+ Qxd4 41.Rxd4 Kf6 42.Rb4 Rf5 43.Rgb1 Rxf3
44.Rxb5 Nf4 45.a4 Rxd3 46.R5b3 Rd6 47.a5 Ra6 48.Ra1 Nd5 49.Rxh3 Ke5 50.Rh8 f5
51.h4 Kf6 52.h5 Kg7 53.Rb8 Kh7 54.Kh2 Kh6 55.Kg3 Kg5 56.Rg8+ Kh6 57.Kh4 Nf4
58.Rh8+ Kg7 59.Rb8 Rc6 60.Rb4 Nd5 61.Rba4 Ra6 62.Kg5 Nf6 63.Rb4 Ne4+ 64.Kf4 Kf6
65.Rb6  1-0

[Event "Reti mem"]
[Site "Trnava"]
[Date "1982.??.??"]
[Round "9"]
[White "Barczay, Laszlo"]
[Black "Dobrovolsky, Ladislav"]
[Result "1-0"]
[WhiteElo "2445"]
[BlackElo "2395"]

1.e4 c5 2.Nc3 e6 3.Nf3 Nc6 4.d4 cxd4 5.Nxd4 d6 6.g3 Nf6 7.Bg2 Bd7 8.O-O Be7
9.Re1 a6 10.Nxc6 Bxc6 11.a4 O-O 12.Be3 Qa5 13.Bd4 Rfd8 14.b4 Qxb4 15.Rb1 Qa5
16.Nd5 exd5 17.Bb6 Qxa4 18.exd5 Re8 19.dxc6 bxc6 20.Ra1 Qb5 21.Bd4 d5 22.Bf1 Qb7
23.Bxf6 Bxf6 24.Rxa6 g6 25.Rxa8 Rxa8 26.Qf3 Kg7 27.h4 Qb4 28.Rd1 h5 29.Kg2 Ra3
30.Bd3 Ra7 31.Bf1 Re7 32.Rd3 Qc5 33.Qd1 Qb4 34.Rf3 Qd6 35.c4 d4 36.Bd3 c5
37.Qb1 Qe5 38.Rf4 Qd6 39.Be4 Rd7 40.Bd5 Be5 41.Rf3 Re7 42.Rb3 Qf6 43.Rb7 Bc7
44.Qd3 g5 45.hxg5 Qxg5 46.Rb1 h4 47.Rh1 Bxg3 48.Rg1 Kh8 49.fxg3 Re3 50.Qf1 Rxg3+
51.Kh1 f5 52.Rxg3 hxg3 53.Kg2 f4 54.Qe2 Kg7 55.Qe8 d3 56.Qg8+ Kf6 57.Qd8+  1-0

[Event "Vinkovci"]
[Site "Vinkovci"]
[Date "1982.??.??"]
[Round "10"]
[White "Popovic, Petar"]
[Black "Gufeld, Eduard"]
[Result "0-1"]
[WhiteElo "2495"]
[BlackElo "2485"]

1.e4 c5 2.Nf3 e6 3.d4 cxd4 4.Nxd4 Nc6 5.Nc3 Qc7 6.g3 a6 7.Bg2 d6 8.O-O Bd7
9.Re1 Be7 10.Nxc6 Bxc6 11.a4 Nf6 12.a5 O-O 13.Be3 Rac8 14.Bb6 Qd7 15.f4 Bd8
16.Bf2 b5 17.axb6 Qb7 18.Kh1 Bxb6 19.Bxb6 Qxb6 20.Ra2 Rfd8 21.Qe2 a5 22.Qe3 Qc7
23.Rd1 h6 24.h3 e5 25.Rd2 exf4 26.Qxf4 Qb7 27.Kh2 Qb4 28.Qe3 Re8 29.Rd4 Qc5
30.Qd2 Re6 31.Nd5 Nxe4 32.Rxe4 Qxd5 33.Qxd5 Bxd5 34.Rxe6 Bxe6 35.Rxa5 Rxc2
36.Rb5 Kf8 37.Kg1 Ke7 38.h4 Rd2 39.b4 d5 40.Rb8 Kd6 41.Bf3 Rb2 42.h5 d4 43.Kf1 d3
44.Rd8+ Ke5 45.Ke1 Rxb4 46.Rxd3 Rb3 47.Rxb3 Bxb3 48.Kf2 Kf5 49.Kg2 Kg5 50.Kh3 f5  0-1

[Event "JUG-ch"]
[Site "Vrbas"]
[Date "1982.??.??"]
[Round "?"]
[White "Parma, Bruno"]
[Black "Marjanovic, Slavoljub"]
[Result "1/2-1/2"]
[WhiteElo "2485"]
[BlackElo "2515"]

1.e4 c5 2.Nf3 e6 3.d4 cxd4 4.Nxd4 Nc6 5.Nc3 Qc7 6.Be2 a6 7.O-O Nf6 8.Kh1 Nxd4
9.Qxd4 Bc5 10.Qd3 b5 11.f4 h5 12.Bf3 Ng4 13.e5 Rb8 14.Bd2 d5 15.exd6 Bxd6
16.Ne4 Be7 17.Bc3 f6 18.Nf2  1/2-1/2

[Event "JUG-ch"]
[Site "Vrbas"]
[Date "1982.??.??"]
[Round "?"]
[White "Velimirovic, Dragoljub"]
[Black "Rajkovic, Dusan"]
[Result "1/2-1/2"]
[WhiteElo "2500"]
[BlackElo "2460"]

1.e4 c5 2.Nf3 Nc6 3.d4 cxd4 4.Nxd4 e6 5.Nc3 Qc7 6.Be2 a6 7.O-O Nf6 8.Kh1 Be7
9.f4 d6 10.Bf3 Bd7 11.Nxc6 Bxc6 12.a4 O-O 13.Be3 b6 14.Qe2 Qb7 15.Bd4 Nd7
16.Nd5 Nc5 17.Nxe7+ Qxe7 18.e5 d5 19.b3 Rfc8 20.g4 b5 21.a5 b4 22.Qe3 Bb5
23.Rf2 Rc7 24.f5 Rac8 25.f6 Qf8 26.Rd1 Nb7 27.Rdd2 Nxa5 28.Bxd5 Rc3 29.Qg5 h6
30.fxg7 Qxg7 31.Qxg7+ Kxg7 32.Be4 Bc6 33.Bxc6 R3xc6 34.Kg2 Rb8 35.Be3 Rc7
36.Rf6 Nc6 37.Bxh6+ Kg8 38.Rf1 Nxe5 39.Bf4 Rc5 40.Re1 Rbb5 41.h3  1/2-1/2

[Event "JUG-ch"]
[Site "Vrbas"]
[Date "1982.??.??"]
[Round "?"]
[White "Ivanovic, Bozidar"]
[Black "Cvitan, Ognjen"]
[Result "1-0"]
[WhiteElo "2485"]
[BlackElo "2430"]

1.e4 c5 2.Nf3 e6 3.d4 cxd4 4.Nxd4 Nc6 5.Nc3 d6 6.Be2 Nf6 7.O-O Be7 8.Kh1 O-O
9.f4 Bd7 10.Nb3 a6 11.a4 b6 12.Be3 Qc7 13.Rf2 Rfd8 14.Bf3 e5 15.Nd5 Nxd5
16.exd5 exf4 17.Bxf4 Na5 18.Nxa5 bxa5 19.Be4 Qb6 20.Bg3 f5 21.Bxf5 Bxf5 22.Rxf5 Qxb2
23.Rb1 Qa2 24.Ra1 Qb2 25.Bf2 Bf6 26.Rb1 Qc3 27.Rb3 Qa1 28.Qxa1 Bxa1 29.c4 Rdb8
30.Rxb8+ Rxb8 31.g3 g6 32.Rf3 Be5 33.c5 dxc5 34.Bxc5 Rb1+ 35.Kg2 Rd1 36.Rf8+ Kg7
37.Rd8 g5 38.Kf3 Bf6 39.Rd7+ Kg6 40.g4 Ra1 41.Ra7 Rxa4 42.Rxa6 Rf4+ 43.Ke3 Rxg4
44.d6 Kf7 45.d7 Be7 46.Kd3 Rh4 47.Ra8 Ke6 48.Re8 Kxd7 49.Rxe7+ Kc6 50.Bg1 h6
51.Re2 Kd5 52.Rc2 Rh3+ 53.Ke2 a4 54.Rc5+ Ke6 55.Ra5 a3 56.Kf2 Kf7 57.Ra6 Kg7
58.Kg2 Rd3 59.Bc5 Rd2+ 60.Kg3 a2 61.Be3 Rc2 62.Bd4+ Kh7 63.Bf6 Re2 64.h3 Re3+
65.Kg4 h5+ 66.Kxg5 Rxh3 67.Ra7+ Kg8 68.Kg6 Rg3+ 69.Bg5 Rf3 70.Rxa2 Rf1 71.Ra7 h4
72.Bxh4 Rg1+ 73.Bg5 Rf1 74.Rb7 Rf2 75.Bf6 Rg2+ 76.Kf5 Rf2+ 77.Ke6 Ra2 78.Rg7+ Kf8
79.Rh7 Ra6+ 80.Kf5 Ra2 81.Kg6 Rg2+ 82.Bg5 Kg8 83.Rg7+ Kf8 84.Rh7 Kg8 85.Rg7+ Kf8
86.Ra7 Re2 87.Bh6+ Ke8 88.Kf6 Re1 89.Bf4 Re2 90.Be5 Kd8 91.Ke6 Rc2 92.Bf6+ Kc8
93.Kd6 Rd2+ 94.Kc6 Rc2+ 95.Kb6 Rc1 96.Be7 Rb1+ 97.Kc6 Rb7 98.Ra8+ Rb8 99.Ra1 Rb7
100.Bd6 Rc7+ 101.Kd5 Rc2 102.Ra7 Kd8 103.Be7+ Ke8 104.Bc5 Rd2+ 105.Ke6 Re2+
106.Kf6 Re1 107.Bd6 Re2 108.Be5 Kd8 109.Ke6 Rc2 110.Bd6 Rc1 111.Kd5 Rc2 112.Bc5 Ke8
113.Re7+ Kd8 114.Kd6 Rc1 115.Re2 Rd1+ 116.Kc6 Rc1 117.Ra2  1-0

[Event "JUG-ch"]
[Site "Vrbas"]
[Date "1982.??.??"]
[Round "?"]
[White "Ivanovic, Bozidar"]
[Black "Vukic, Milan"]
[Result "1/2-1/2"]
[WhiteElo "2485"]
[BlackElo "2465"]

1.e4 c5 2.Nf3 e6 3.Nc3 Nc6 4.d4 cxd4 5.Nxd4 Nf6 6.Ndb5 d6 7.Bf4 e5 8.Bg5 a6
9.Na3 b5 10.Nd5 Be7 11.Nxe7 Nxe7 12.Bxf6 gxf6 13.Bd3 Bb7 14.Qe2 d5 15.O-O dxe4
16.Bxe4 Bxe4 17.Qxe4 Qd5 18.Qxd5 Nxd5 19.Rfd1 Rd8 20.c4 bxc4 21.Nxc4 Ke7
22.Na5 Ke6 23.a3 Nf4 24.Nb7 Rxd1+ 25.Rxd1 Rc8 26.b4 Rc3 27.Nc5+ Kf5 28.Ra1 Ne2+
29.Kf1 Nd4 30.Nxa6 Nc2 31.Ra2 Nxa3 32.Nc5 Nc4 33.Ke2 e4 34.Kd1 Na3 35.Rb2 Rc4
36.Na6 Rc6 37.Nc5 Ke5 38.Rb3 Nc4 39.Rh3 Kd4 40.Nb3+ Kd5 41.Rxh7 Rb6 42.Rxf7 Rxb4
43.Nd2 Ke6 44.Ra7 Ne5 45.Ra6+ Kf5 46.Ra2 Nd3 47.f3 exf3 48.Nxf3 Ne5 49.Nd2 Ng4
50.Nf1 Kf4 51.Ke1 Re4+ 52.Kd2 f5 53.Ng3 Rd4+ 54.Ke1 Rb4 55.Ne2+ Kg5 56.h3 Ne3
57.g3 Rb1+ 58.Kf2 Nd1+ 59.Kg2 Rb3 60.Ra6 Ne3+ 61.Kf2 Nd1+ 62.Ke1 Nb2 63.h4+ Kh5
64.Ra8 Nd3+ 65.Kd2 Nf2 66.Rh8+ Kg6 67.Rf8 Ne4+ 68.Kc2 Re3 69.Nf4+ Kh6 70.Rh8+ Kg7
71.Re8 Rc3+  1/2-1/2

[Event "Vrnjacka Banja"]
[Site "Vrnjacka Banja"]
[Date "1982.??.??"]
[Round "11"]
[White "Lazic, Dragoljub"]
[Black "Tseshkovsky, Vitaly"]
[Result "0-1"]
[WhiteElo "2285"]
[BlackElo "2595"]

1.e4 c5 2.Nf3 Nc6 3.d4 cxd4 4.Nxd4 e6 5.Nc3 d6 6.f4 Nf6 7.Nf3 Be7 8.Bd3 O-O
9.O-O e5 10.Kh1 exf4 11.Bxf4 Be6 12.Nd5 Bxd5 13.exd5 Nb4 14.c4 Nxd3 15.Qxd3 Rc8
16.Nd4 Nh5 17.Bd2 Bg5 18.Rxf7 Rxf7 19.Ne6 Qf6 20.Nxg5 Qf5 21.Qxf5 Rxf5 22.g4 Rf2
23.Ne4 Re2 24.Nxd6 Rf8 25.Bc3 Nf6 26.Rf1 b6 27.Nb5 Nxg4 28.Rxf8+ Kxf8 29.Nxa7 Ne3
30.b3 Rc2 31.Bb4+ Ke8 32.h3 Rxa2 33.Nc8 Ra6 34.Nd6+ Kd7 35.Nf7 Ra1+ 36.Kh2 Rb1
37.Ne5+ Kd8 38.Bf8 Nf5 39.c5 bxc5 40.Bxc5 Rb2+ 41.Kh1 Rxb3 42.Kh2 Rb2+ 43.Kg1 Rb5
44.Nd3 Ng3 45.Kg2 Ne4 46.Bf8 Rxd5  0-1

[Event "Hoogovens-B"]
[Site "Wijk aan Zee"]
[Date "1982.??.??"]
[Round "1"]
[White "Van der Sterren, Paul"]
[Black "Langeweg, Kick"]
[Result "1-0"]
[WhiteElo "2470"]
[BlackElo "2410"]

1.e4 c5 2.Nf3 e6 3.d4 cxd4 4.Nxd4 Nc6 5.Nc3 a6 6.g3 Qc7 7.Bg2 Nf6 8.O-O Be7
9.Re1 Nxd4 10.Qxd4 Bc5 11.Qd1 d6 12.Be3 O-O 13.Qd2 Bxe3 14.Qxe3 e5 15.a4 Be6
16.a5 Rac8 17.Rec1 Rfd8 18.Nd5 Bxd5 19.exd5 Qc4 20.Ra3 e4 21.Qb3 Qe2 22.Qxb7 Ng4
23.Rf1 Rxc2 24.Qe7 Rdc8 25.Qxe4 Qxe4 26.Bxe4 Rxb2 27.Bf5 Rc4 28.Bd3 Rd4 29.h3 Ne5
30.Bxa6 Rdd2 31.Rc1 g5 32.Bf1 Rxf2 33.a6 Nf3+ 34.Rxf3 Rxf3 35.a7 Rxg3+ 36.Kh1 Ra2
37.Rc8+ Kg7 38.a8=Q Rxa8 39.Rxa8 g4 40.Rd8 Re3 41.hxg4  1-0

[Event "Yerevan zt"]
[Site "Yerevan"]
[Date "1982.??.??"]
[Round "7"]
[White "Geller, Efim P"]
[Black "Romanishin, Oleg M"]
[Result "1-0"]
[WhiteElo "2545"]
[BlackElo "2580"]

1.e4 c5 2.Nf3 e6 3.d4 cxd4 4.Nxd4 Nc6 5.Nc3 a6 6.Be2 Nge7 7.O-O Nxd4 8.Qxd4 Nc6
9.Qe3 Be7 10.Qg3 O-O 11.Bh6 Bf6 12.Rad1 Qb6 13.Bf4 g6 14.Bd6 Re8 15.e5 Bg7
16.Rd3 Ne7 17.Bg4 h5 18.Bh3 Qxb2 19.Qg5 Qxc2 20.Rf3 b5 21.Bxe7 Bb7 22.Re3 Kh7
23.Ne2 Rac8 24.Ng3 Rc4 25.Nxh5 gxh5 26.Qxh5+ Kg8 27.Rg3 Rxe7 28.Qg5 f6 29.exf6 Rf7
30.fxg7 Rc8 31.Bg4 Qb2 32.Bh5 Rxg7 33.Qe7 Rxg3 34.Bf7+ Kh8 35.hxg3 Bc6 36.g4 Qg7
37.g5 Rf8 38.g6 Be4 39.Qh4+  1-0

[Event "Valby SK"]
[Site "Valby"]
[Date "1983.05.17"]
[Round "5"]
[White "Kovacs, Laszlo M"]
[Black "Horvath, Tamas"]
[Result "1/2-1/2"]
[WhiteElo "2350"]
[BlackElo "2410"]

1.e4 c5 2.Nc3 Nc6 3.Nf3 e6 4.d4 cxd4 5.Nxd4 Nf6 6.Be2 Bb4 7.O-O Bxc3 8.bxc3 Nxe4
9.Bd3 Nxd4 10.cxd4 d5 11.Ba3 Qa5 12.Qf3 Bd7 13.Bxe4 dxe4 14.Qg3 Bc6 15.Bd6 O-O-O
16.c4 Rd7 17.Qxg7 Qd8 18.Bg3 f6 19.Qg4 Rxd4 20.Qxe6+ Bd7 21.Qf7 Be8 22.Qe6+ Bd7
23.Qf7  1/2-1/2

[Event "Valby SK"]
[Site "Valby"]
[Date "1983.05.20"]
[Round "7"]
[White "Poulsen, Allan"]
[Black "Cramling, Pia"]
[Result "1-0"]
[WhiteElo "2340"]
[BlackElo "2355"]

1.e4 c5 2.Nf3 e6 3.Nc3 Nc6 4.d4 cxd4 5.Nxd4 a6 6.g3 Qc7 7.Bg2 Nf6 8.O-O Be7
9.Re1 Nxd4 10.Qxd4 Bc5 11.Qd1 d6 12.Be3 O-O 13.Qd2 Rb8 14.Rad1 Bxe3 15.Rxe3 Ne8
16.g4 b5 17.a3 Rb6 18.Rh3 f6 19.f4 Bb7 20.f5 e5 21.Kh1 Ba8 22.Rg1 Qd7 23.Bf3 Rb8
24.Rhg3 Rf7 25.h4 Re7 26.Nd5 Bxd5 27.Qxd5+ Kh8 28.g5 Rc8 29.Bh5 Qc6 30.Qxc6 Rxc6
31.c3 Rc4 32.Rg4 Rcc7 33.Rd1 Rcd7 34.Rg2 Nc7 35.Rgd2 d5 36.exd5 Rd6 37.b3 e4
38.c4 Re5 39.Bf7 e3 40.Re2 fxg5 41.Rde1  1-0

[Event "Albena"]
[Site "Albena"]
[Date "1983.??.??"]
[Round "?"]
[White "Ermenkov, Evgenij"]
[Black "Lalev, Dimitar"]
[Result "0-1"]
[WhiteElo "2425"]
[BlackElo "2450"]

1.e4 c5 2.Nf3 e6 3.d4 cxd4 4.Nxd4 Nc6 5.Nc3 d6 6.Be3 Nf6 7.f4 Be7 8.Qf3 e5
9.Nxc6 bxc6 10.f5 Qa5 11.O-O-O Bb7 12.Bc4 Rb8 13.Bb3 d5 14.exd5 cxd5 15.Nxd5 Bxd5
16.Bxd5 e4 17.Qg3 O-O 18.Bd4 e3 19.Rhe1 Rfd8 20.Bb3 Rxb3 21.cxb3 Rc8+ 22.Kb1 Qxf5+
23.Ka1 Bb4 24.Bxf6 Qxf6 25.Qg4 Rc2 26.Qd4 Rc1+ 27.Rxc1 Qxd4 28.Rc8+ Bf8 29.Re8 g6
30.R8xe3 Kg7 31.Re4 Qd3 32.b4 Qd2 33.a3 Qxg2 34.R1e2 Qh1+ 35.Ka2 g5 36.b3 Bd6
37.a4 Bxh2 38.Re7 Bd6 39.Rxa7 Qd1 40.Rf2 Be5  0-1

[Event "Albena"]
[Site "Albena"]
[Date "1983.??.??"]
[Round "?"]
[White "Gipslis, Aivars"]
[Black "Stoica, Valentin"]
[Result "1-0"]
[WhiteElo "2475"]
[BlackElo "2440"]

1.e4 c5 2.Nf3 e6 3.d4 cxd4 4.Nxd4 Nc6 5.Nc3 d6 6.Be3 Nf6 7.f4 e5 8.Nde2 Be7
9.Qd2 O-O 10.O-O-O b5 11.Ng3 a6 12.Be2 exf4 13.Bxf4 Ne5 14.Rhf1 Be6 15.Nd5 Nxd5
16.exd5 Bd7 17.Bxe5 dxe5 18.Ne4 f5 19.d6 Bf6 20.Qd5+ Kh8 21.Nc5 Qc8 22.Nxd7 Qxd7
23.g4 fxg4 24.Kb1 Bg5 25.Qg2 Rad8 26.Rxf8+ Rxf8 27.Bxg4 Qf7 28.d7 Qf4 29.Bf3 a5
30.Be2 Bf6 31.Qd5 Rd8 32.Qe6 Rf8 33.Qe8 Qb4 34.a3 Qe7 35.Bxb5 g5  1-0

[Event "OHRA"]
[Site "Amsterdam"]
[Date "1983.??.??"]
[Round "?"]
[White "Sax, Gyula"]
[Black "Timman, Jan H"]
[Result "1-0"]
[WhiteElo "2570"]
[BlackElo "2605"]

1.e4 c5 2.Nf3 Nc6 3.d4 cxd4 4.Nxd4 e6 5.Nc3 a6 6.Nxc6 bxc6 7.Bd3 Qc7 8.O-O Nf6
9.f4 d5 10.e5 Nd7 11.Na4 g6 12.c4 Nc5 13.Be3 Nxa4 14.Qxa4 Qd7 15.Rac1 Be7
16.cxd5 cxd5 17.Qd4 O-O 18.Rc2 Rb8 19.a3 Bd8 20.Qc3 Qa4 21.f5 exf5 22.Bh6 d4
23.Qc5 Re8 24.e6 Qa5 25.exf7+ Kxf7 26.Bc4+ Be6 27.Qa7+ Be7 28.Bxe6+ Kxe6
29.Re2+ Kf6 30.Qxd4+  1-0

[Event "Baku"]
[Site "Baku"]
[Date "1983.??.??"]
[Round "?"]
[White "Van der Sterren, Paul"]
[Black "Toshkov, Tihomir"]
[Result "0-1"]
[WhiteElo "2445"]
[BlackElo "2375"]

1.e4 c5 2.Nf3 e6 3.d4 cxd4 4.Nxd4 Nc6 5.Nc3 d6 6.Be2 Nf6 7.O-O Be7 8.Be3 O-O
9.f4 Bd7 10.Qe1 a6 11.Qg3 b5 12.a3 Qb8 13.Bf3 Rc8 14.e5 dxe5 15.Nxc6 Bxc6
16.fxe5 Nd5 17.Bxd5 exd5 18.Rad1 Qb7 19.Bh6 Bf8 20.Rd4 Qa7 21.Rf4 Kh8 22.Rg4 Bd7
23.Rxg7 Qxd4+ 24.Kh1 Bg4 25.Rxg4 Qxg4 26.Qxg4 Bxh6 27.Qf5 Rc5 28.g3 Bg7 29.Ne2 d4
30.Nxd4 Rxe5 31.Qxf7 Rf8 32.Qa7 Re4 33.Nf3 Re2 34.Qb7 Rf2 35.Ng1 Rxc2 36.b3 h6
37.Qe4 Ra2 38.Ne2 Rd8 39.Kg2 Rdd2 40.Qe8+ Kh7 41.Qe4+ Kg8 42.Qe8+ Bf8 43.Qg6+ Kh8
44.Qxa6 Rxe2+ 45.Kf3 Rf2+ 46.Kg4 Rae2 47.Qxb5 Rxh2 48.Qb6 Ref2 49.Qe6 Bg7
50.a4 Rf8 51.Qd6 Rf6 52.Qe7 h5+ 53.Kg5 Rh3 54.Qc7 Rf8 55.a5 h4 56.gxh4 Bf6+
57.Kg6 Rxh4 58.a6 Rg4+ 59.Kh6 Rg7 60.Qc6 Be5 61.Qd5 Rf6+ 62.Kh5 Rf5+  0-1

[Event "Bayamo"]
[Site "Bayamo"]
[Date "1983.??.??"]
[Round "?"]
[White "Sisniega, Marcel"]
[Black "Lebredo, Gerardo"]
[Result "0-1"]
[WhiteElo "2455"]
[BlackElo "2350"]

1.e4 c5 2.Nf3 e6 3.d4 cxd4 4.Nxd4 Nc6 5.Nc3 a6 6.g3 Qc7 7.Bg2 Nf6 8.O-O Be7
9.Re1 Nxd4 10.Qxd4 Bc5 11.Bf4 d6 12.Qd2 Ng4 13.Re2 Ne5 14.Na4 Ba7 15.Rd1 Bd7
16.Nc3 Rc8 17.b3 Bc5 18.Nb1 O-O 19.b4 Ba7 20.Qxd6 Qxd6 21.Rxd6 Bb5 22.Re1 Rxc2
23.Rd2 Rxd2 24.Bxd2 Ng4 25.Be3 Nxe3 26.fxe3 Rc8 27.Na3 Bd3 28.Kf2 Rc3 29.Nb1 Rc2+
30.Kf3 f5 31.exf5 exf5 32.Bf1 Be4+ 33.Kf4 Bb8+ 34.Kg5 h6+ 35.Kg6 Rc6+ 36.Kh5 Bf3+
37.Kh4 Bg4  0-1

[Event "Bayamo"]
[Site "Bayamo"]
[Date "1983.??.??"]
[Round "?"]
[White "Garcia Martinez, Silvino"]
[Black "Frias, Victor J"]
[Result "0-1"]
[WhiteElo "2435"]
[BlackElo "2440"]

1.e4 c5 2.Nf3 e6 3.d4 cxd4 4.Nxd4 Nc6 5.Nc3 a6 6.g3 d6 7.Bg2 Bd7 8.O-O Nf6
9.a4 Be7 10.Nb3 b6 11.f4 O-O 12.g4 Ne8 13.g5 f6 14.gxf6 Nxf6 15.Be3 Rb8 16.Qe2 Qc8
17.Rf2 Na5 18.e5 Ne8 19.Nd2 g6 20.Nde4 d5 21.Ng5 Ng7 22.Nxd5 exd5 23.Bxd5+ Kh8
24.b4 Bg4 25.Qe1 Nc4 26.Bc1 Bxg5 27.fxg5 Rxf2 28.Qxf2 Be6 29.Bg2 Qd7 30.h4 Kg8  0-1

[Event "Biel"]
[Site "Biel"]
[Date "1983.??.??"]
[Round "?"]
[White "Kindermann, Stefan"]
[Black "Gobet, Fernand"]
[Result "1-0"]
[WhiteElo "2500"]
[BlackElo "2415"]

1.e4 c5 2.Nf3 e6 3.d4 cxd4 4.Nxd4 Nc6 5.Nc3 Qc7 6.Be2 a6 7.O-O Nf6 8.Kh1 Bb4
9.Bg5 Bxc3 10.Bxf6 gxf6 11.bxc3 Ne7 12.Qd2 d5 13.exd5 Nxd5 14.c4 Nf4 15.Bf3 O-O
16.g3 Ng6 17.Rfd1 Bd7 18.h4 Rfd8 19.Qh6 e5 20.Ne2 Qxc4 21.Kg1 Bc6 22.Qe3 Bxf3
23.Qxf3 Rxd1+ 24.Rxd1 e4 25.Qe3 Ne5 26.Nf4 Qxc2 27.Rc1 Nf3+ 28.Kg2 Qd2 29.Qxd2 Nxd2
30.Nh5 f5 31.Rc5 b5 32.Rxf5 Rc8 33.Rd5 Nb1 34.Nf6+ Kg7 35.Nxe4 Rc2 36.Rd1 Na3
37.Rd2 Rxd2 38.Nxd2 Nc2 39.Kf3 Nb4 40.a3 Nc2 41.Nb1 a5 42.Ke4 b4 43.a4 Kf6
44.Nd2 Ke6 45.Nb3 Na3 46.Nxa5 Nb1 47.Kd4 Nc3 48.Nc6 Nxa4 49.Nxb4 Kf5 50.Nd5 Nb2
51.f3 Kg6 52.g4 Nd1 53.Ke5 Nf2 54.Nf4+ Kh6 55.Kf5 Kg7 56.Nh5+ Kh6 57.Ng3 Kg7
58.Nh5+ Kh6 59.Nf4 Kg7 60.Kg5 h6+ 61.Kf5 Nd1 62.Nh5+ Kf8 63.Kf6 Ne3 64.Ng3 Ng2
65.h5 Ne1 66.Nf5 Nxf3 67.Nxh6 Nh2 68.g5 Nf1 69.g6  1-0

[Event "Biel"]
[Site "Biel"]
[Date "1983.??.??"]
[Round "?"]
[White "Kindermann, Stefan"]
[Black "Wirthensohn, Heinz"]
[Result "1/2-1/2"]
[WhiteElo "2500"]
[BlackElo "2425"]

1.e4 c5 2.Nf3 e6 3.d4 cxd4 4.Nxd4 Nc6 5.Nc3 d6 6.Be2 Nf6 7.O-O Be7 8.Be3 O-O
9.f4 e5 10.fxe5 dxe5 11.Nf5 Bxf5 12.Rxf5 Qxd1+ 13.Rxd1 g6 14.Rf2 Nd4 15.Bh6 Nxe2+
16.Rxe2 Rfd8 17.Rxd8+ Rxd8 18.Bg5 Kg7 19.Kf1 h6 20.Bh4 Re8 21.Bxf6+ Bxf6
22.Rd2 Rd8 23.Rxd8 Bxd8 24.Nd5  1/2-1/2

[Event "Bor"]
[Site "Bor"]
[Date "1983.??.??"]
[Round "1"]
[White "Abramovic, Bosko"]
[Black "Marjanovic, Slavoljub"]
[Result "0-1"]
[WhiteElo "2480"]
[BlackElo "2465"]

1.e4 c5 2.Nf3 e6 3.d4 cxd4 4.Nxd4 Nc6 5.Nc3 Qc7 6.Be2 a6 7.O-O Nf6 8.Kh1 Nxd4
9.Qxd4 Bc5 10.Qd3 h5 11.f4 b5 12.Bf3 Ng4 13.Qe2 Bb7 14.Bd2 O-O-O 15.Rae1 g6
16.Nd1 Rh7 17.c4 b4 18.b3 f5 19.a3 a5 20.axb4 axb4 21.exf5 gxf5 22.Nb2 Rg8
23.Nd3 Bd4 24.Bxb7+ Qxb7 25.Qf3 Rhg7 26.Re2 Qa7 27.Nxb4 h4 28.h3 Nf6 29.Nc6 dxc6
30.Qxc6+ Qc7 31.Qxe6+ Kb8 32.Qxf5 Qb7 33.Qb5 Qxb5 34.cxb5 Nh5 35.Be1 Ng3+
36.Bxg3 hxg3 37.f5 Rf7 38.Re4 Bf2 39.Re2 Rxf5 40.Re4 Rd8 41.Rc4 Be3 42.Re1 Rdf8  0-1

[Event "Bor"]
[Site "Bor"]
[Date "1983.??.??"]
[Round "5"]
[White "Jansa, Vlastimil"]
[Black "Kurajica, Bojan"]
[Result "1/2-1/2"]
[WhiteElo "2445"]
[BlackElo "2525"]

1.e4 c5 2.Nf3 e6 3.d4 cxd4 4.Nxd4 Nc6 5.Nc3 a6 6.Nxc6 bxc6 7.Bd3 d6 8.O-O Nf6
9.Qe2 Nd7 10.f4 Qc7 11.Kh1 Be7 12.b3 O-O 13.Bb2 Bb7 14.Rf3 e5 15.Raf1 exf4
16.Rxf4 Ne5 17.Nd1 Ng6 18.R4f3 Bg5 19.Ne3 Bxe3 20.Rxe3 Rae8 21.Qh5 Bc8 22.Rg3  1/2-1/2

[Event "Bor"]
[Site "Bor"]
[Date "1983.??.??"]
[Round "6"]
[White "Arnason, Jon L"]
[Black "Marjanovic, Slavoljub"]
[Result "1/2-1/2"]
[WhiteElo "2460"]
[BlackElo "2465"]

1.e4 c5 2.Nf3 e6 3.d4 cxd4 4.Nxd4 Nc6 5.Nc3 Qc7 6.Be2 a6 7.O-O Nf6 8.Kh1 Bb4
9.Nxc6 bxc6 10.f4 d5 11.e5 Bxc3 12.bxc3 Ne4 13.Bd3 c5 14.c4 Bb7 15.Qe1 O-O
16.Bb2 Qc6 17.cxd5 Qxd5 18.Qe2 Rfd8 19.f5 Rab8 20.Rf4 exf5 21.Rxf5 Bc6 22.Rf4 Rb4
23.Raf1 Qxa2 24.Bxe4 Rxe4 25.Rxe4 Bxe4 26.Qxe4 Qxb2 27.e6 Qf6 28.exf7+ Qxf7
29.Kg1 Qd5 30.Qxd5+ Rxd5 31.Ra1 Rd2 32.c4 Rc2 33.Rxa6 Rxc4 34.Rc6 Rc2 35.Rc7 h5
36.h4 g6 37.Kh2 Rc3 38.g3 Rc1 39.Kg2 c4 40.Kf3 c3 41.Kf4 c2 42.Kg5 Rg1 43.Rxc2 Rxg3+
44.Kh6  1/2-1/2

[Event "Bor"]
[Site "Bor"]
[Date "1983.??.??"]
[Round "9"]
[White "Marjanovic, Slavoljub"]
[Black "Kurajica, Bojan"]
[Result "1-0"]
[WhiteElo "2465"]
[BlackElo "2525"]

1.e4 c5 2.Nf3 Nc6 3.d4 cxd4 4.Nxd4 e6 5.Nc3 a6 6.Be2 d6 7.O-O Nf6 8.Be3 Be7
9.f4 O-O 10.a4 Qc7 11.Kh1 Re8 12.Bf3 Na5 13.Qe2 e5 14.Nf5 Bxf5 15.exf5 e4
16.Nxe4 Nxe4 17.Bxe4 Bf6 18.Bd5 Bxb2 19.Rad1 Rac8 20.Qf2 Nc4 21.Rd3 Qa5 22.Bxb7 Rc7
23.Bd5 Qxa4 24.Bd4 Qb5 25.Bxc4 Rxc4 26.c3 Rc7 27.Rg3 f6 28.Bxf6 Qe2 29.Qg1 a5
30.Rf2 Qxf2 31.Qxf2 a4 32.h3 a3 33.Qd4  1-0

[Event "Bor"]
[Site "Bor"]
[Date "1983.??.??"]
[Round "11"]
[White "Arnason, Jon L"]
[Black "Kurajica, Bojan"]
[Result "0-1"]
[WhiteElo "2460"]
[BlackElo "2525"]

1.e4 c5 2.Nf3 Nc6 3.d4 cxd4 4.Nxd4 e6 5.Nc3 a6 6.Be2 d6 7.O-O Nf6 8.Be3 Be7
9.f4 O-O 10.a4 Qc7 11.Kh1 Re8 12.Bf3 Na5 13.Qe1 Nd7 14.Rd1 Bf8 15.Bc1 Nc6
16.b3 Rb8 17.Be2 Nc5 18.Ba3 Nxd4 19.Rxd4 Bd7 20.Rf3 b5 21.axb5 axb5 22.b4 Na6
23.f5 exf5 24.Nd5 Qd8 25.Qg3 Nc7 26.Ne3 fxe4 27.Rf1 Re5 28.Bb2 Qg5 29.Qxg5 Rxg5
30.Rxe4 Bc6 31.Rg4 Rxg4 32.Bxg4 d5 33.Bc3 Ra8 34.Nf5 Ne6 35.Re1 Ra3 36.Bd2 Ra2
37.Rc1 d4 38.Bf3 Bxf3 39.gxf3 d3 40.Ne3 Nd4 41.Kg2 dxc2 42.Be1 Rb2  0-1